| 000 | 01089cam a22003137a 4500 | ||
|---|---|---|---|
| 003 | CHAP | ||
| 005 | 20220329142623.0 | ||
| 008 | 010926d2000 mx a r 00110 spa d | ||
| 010 | _a85718 | ||
| 011 | _a86690 | ||
| 020 | _a970654870X | ||
| 035 | _a97229 | ||
| 040 | _cCHAP | ||
| 082 | 0 | 4 |
_a636.0824 _bV4 |
| 100 | 0 | 0 |
_aVelázquez Moctezuma, Javier _ecoord. _9118581 |
| 245 | 1 | 0 |
_aBiología de la reproducción _c/coord. por Javier Velázquez Moctezuma |
| 260 |
_aMéxico, D.F. : _bUniversidad Autónoma Metropolitana. Unidad Iztapalapa. Departamento de Biología de la Reproducción, _c2001. |
||
| 300 |
_a371 p. ; _bgráfs. |
||
| 590 |
_aBATCH-UPD _b10 _c20130110 _lUCH01 _h1730 |
||
| 590 |
_aBATCH-UPD _b10 _c20130410 _lUCH01 _h1112 |
||
| 590 |
_aBATCH-UPD _b10 _c20130914 _lUCH01 _h0635 |
||
| 590 |
_aCONVERSION _b10 _c20130109 _lUCH01 _h1348 |
||
| 650 | 1 | 4 |
_aBiología _xInvestigación. _912787 |
| 650 | 1 | 4 |
_aReproducción animal. _996028 |
| 901 | _aBK | ||
| 905 | _aAlejandra Carrasco M. | ||
| 942 | _cLIBRO | ||
| 949 |
_a636.0824 V4 _bBC _cLIBRO _d33724000865317 _eLIBRO _h102549 _i97229 _si |
||
| 999 |
_c85718 _d85718 |
||